=LDR 00000nam 2200000 4500 =001 INLIS000000000020186 =005 20130612115149 =008 ***********************************Ind** =035 ##$$0010-061300000020186 =041 ##$$a Ind =082 ##$$a F Rom K =090 ##$$a F Rom K, Kus s =100 ##$$a Kusumawardhani, Tria Ayu =245 ##$$a Setegar kupu-kupu tak bersayap, Tria Ayu Kusumawardhani =260 ##$$a 2006 $b Jakarta =300 ##$$a 102 hlm, ilus, 20 cm =650 ##$$a Fiksi kanak-kanak =850 ##$$a NBPNMAT